Представление документа в формате RUSMARC

ПолеНазваниеЗначение
  Тип записи a
  Библиографический уровень m
001 Контрольный номер RU/УОНБ/EK_R/381079819
005 Дата корректировки 20250520125512.1
010 Индекс ISBN __
d Цена 1 р. 80 к.
9 Тираж 300000 экз.
100 Данные общей обработки __
a Данные общей обработки 20120128d1955 u y0rusy0189||||ca
101 Язык документа 0_
a Язык текста rus
102 Страна публикации __
a Страна публикации RU
105 Кодированные данные (монография) __
a Кодированные данные (монография) y z 000ay
200 Заглавие и сведения об ответственности 1_
a Заглавие Рассказы и очерки
f Первые сведения об ответственности Н.Г. Гарин-Михайловский
210 Выходные данные 1_
a Место издания Москва
c Издательство Гослитиздат
d Дата издания 1955
215 Физическое описание __
a Объем 176 с.
d Формат 20 см
225 Серия 1_
a Серия Массовая серия
327 Примечание о содержании 01
a Примечание о содержании Содерж.: Под вечер ; Несколько лет в деревне и др.
606 Тематические рубрики 0_
a Основная рубрика Проза (х. л.)
686 Индексы других классификаций __
a Классификационный индекс 84Р1
2 Код системы rubbk
700 Автор _1
a Фамилия Гарин-Михайловский
b Имя (инициалы) Н.Г.
g Полное личное имя Николай Георгиевич
801 Источник записи _0
a Страна RU
b Организация Ульяновская ОНБ
c Дата составления 20120128
g Правила каталогизации RCR
801 Источник записи _1
a Страна RU
b Организация Ульяновская ОНБ
c Дата составления 20120128
g Правила каталогизации RCR
901 Тип документа __
t Тип документа m
909 Создатель записи __
a Создатель записи Тихонова
938 Служебная информация __
a Имя БД retro
b Имя библиотеки УОНБ
c Имя АИБС МАРК-SQL
d Номер DOC_ID в БД 26964